000 00385nam a2200157Ia 4500
003 GCL
008 140319s9999 xx 000 0 eng d
040 _aGCL /
_cGCL
082 0 4 _aCH
_b372.3
_bF T
100 1 _aFROEBEL-KAN CO
245 1 0 _aA TRIP OF THE RAIN /
_cFROEBEL-KAN CO
260 _a[S.N] :
_bFROEBEL- KAN CO
650 0 4 _aCHILDREN
650 0 4 _aEDUCATION
942 _2ddc
_cBK
999 _c15132
_d15132